000 00282nam a22001337a 4500
082 _a823
_bANN/C
100 _aANN
245 _aTHE CLEVER BARBER
260 _aTHRISSUR
_bH&C
300 _a32
520 _aENGLISH SHORT STORY
650 _aENGLISH SHORT STORY
_zKERALA
942 _cBK
999 _c5775
_d5775